Online Catalogue and eLibrary

An assesment of the contribution of the judiciary towards good governance : (Record no. 672)

MARC details
000 -LEADER
fixed length control field 00522nam a2200169Ia 4500
005 - DATE AND TIME OF LATEST TRANSACTION
control field 20240531070047.0
008 - FIXED-LENGTH DATA ELEMENTS--GENERAL INFORMATION
fixed length control field 240331s9999 xx 000 0 und d
020 ## - INTERNATIONAL STANDARD BOOK NUMBER
ISBN 9556070443
082 ## - DDC Classification
Class No. 340
Item Number - Author Mark DES
100 ## - MAIN ENTRY--PERSONAL NAME
Personal name De Silva Siriwardena viveka
245 #3 - TITLE STATEMENT
Title An assesment of the contribution of the judiciary towards good governance :
Remainder of title a study of the role of the supreme court of Sri Lanka
260 ## - PUBLICATION, DISTRIBUTION, ETC.
Place of publication, distribution, etc. Colombo
Name of publisher, distributor, etc. FES Publication
Date of publication, distribution, etc. 2005
300 ## - PHYSICAL DESCRIPTION
Extent (e.g. Volumes, Pages etc.) xvii, 129 p.,
650 ## - SUBJECT ADDED ENTRY--TOPICAL TERM
Topical term or geographic name entry element Law
650 ## - SUBJECT ADDED ENTRY--TOPICAL TERM
Topical term or geographic name entry element Human Rights
942 ## - Koha item type (Biblio)
Koha item type Books in Stacks (Lending)
Holdings
Lost status Damaged status Collection code Home library Current library Shelving location Date acquired Full call number Accession Number Item type
    Lending WERC Library WERC Library Social Science Cupboard 03/31/2024 340 DES 5618 Books in Stacks (Lending)

© WERC Library